Chefs d'etats des pays 2025 - Statistiques

Statistiques générales
  • Ce quiz a été pris 11 fois
    9 depuis la dernière actualisation
  • Le résultat moyen est 11 sur 195
Statistiques - réponses
Pays Chef d'etat % Correct
France Macron
88%
USA Trump
63%
Belize | Canada | Iles Salomon | +9 others Charles III
50%
Nouvelle Zélande | bahamas Charles III
50%
Chine Xi Jinping
50%
Corée du Nord Kim Jong-un
38%
Maroc Mohammed VI
38%
russie Poutine
38%
algerie TEBBOUNE
38%
Pays Bas Willem Alexander
25%
Brésil Lula Da Silva
13%
Vatican Pape
13%
Belgique Philippe de Belgique
13%
Thaïlande Rama X
13%
Syrie A. AL-Charaa
0%
Pakistan A.Ali Zardari
0%
Comores A.Assoumani
0%
Gambie A.Barrow
0%
Jordanie Abdallah II
0%
Soudan Abdel Fattah al-Burhan
0%
Egypte Abdel Fattah al-Sissi
0%
Pologne A.Duda
0%
Estonie A.Karis
0%
Sri Lanka A.K.Dissanayaka
0%
Irak A.Latif Rachid
0%
Monaco Albert II de Monaco
0%
Bahreïn Al Khalifa
0%
Bielorussie A.Loukachenko
0%
Côte d'Ivoire A.Ouattara
0%
Madagascar A.Rajoelina
0%
Sao Tomé A.Ramos
0%
afghanistan Ashraf GHAN
0%
Finlande A.Stubb
0%
Niger A.Tiani
0%
Mali aucun aujourd'hui
0%
autriche A.Van der Bellen
0%
Serbie A.Vučić
0%
Iran Ayatollah Khamenei
0%
albanie Bajram Begaj
0%
Guatemala B.Arévalo
0%
Sénégal B.Diomaye Faye
0%
Nigeria B.Tinubu
0%
Suède Charles XVI Gustave de Suède
0%
Koweït Cheikh Mechal al-Ahmad al-Jaber al-Sabah
0%
Trinité et Tobago C.Kangaloo
0%
afrique du sud C.Ramaphosa
0%
Vanuatu C.Salwai
0%
Suriname C.Santokhi
0%
Mexique C.Sheinbaum
0%
Nauru D.Adeang
0%
Pérou D.Boluarte
0%
St Marin D.Bronzetti
0%
Mozambique D.Chapo
0%
Guinée colonel Mamadi Doumbouya (coup d'état)
0%
Slovaquie P.Pellegrini
0%
Grenade D.Mitchell
0%
Inde D.Murmu
0%
Equateur D.Noboa
0%
Nicaragua D.Ortega
0%
Micronesie D.PANUELO
0%
République du congo D.Sassou-Nguesso
0%
Botswana Duma Boko
0%
Zimbabwe E.Mnangagwa
0%
Japon empereur Naruhito
0%
Burundi E.Ndayishimiye
0%
Tadjikistan E.Rahmon
0%
Lettonie E.Rinkēvičs
0%
République Centrafricaine F.A.Touadéra
0%
Togo Faure Gnassingbé
0%
Philippines F.Marcos Jr.
0%
Danemark Frederik X (roi)
0%
RDC F.Tshisekedi
0%
Chili G.Boric
0%
Gabon général Brice Oligui Nguema (coup d'état)
0%
Italie G.Melloni
0%
Lituanie G.Nausėda
0%
Colombie G.Petro
0%
Macédoine du Nord G.Siljanovska-Davkova
0%
Oman Haïtham ben Tariq
0%
Liechtenstein Hans-Adam II
0%
Norvège Harald V de Norvège
0%
Brunei H.Bolkiah
0%
Luxembourg Henri
0%
Iles Marshall H.Heine
0%
Zambie H.Hichilema
0%
Somalie H.Sheikh Mohamoud
0%
Erythrée I.Aferworki
0%
azerbaïdjan I.Aliyev
0%
Roumanie I. Bolojan
0%
Malaisie I.Ismail de Johor
0%
Djibouti I.Omar Guelleh
0%
Israël Isaac Herzog
0%
Burkina Fasso I.Traoré
0%
Bosnie Herzegovine Izetbegović
0%
Liban J.Aoun
0%
argentine Javier Milei
0%
Liberia J.Boakai
0%
Bhoutan J.Khesar Wangchuck
0%
angola J.Lourenço
0%
Sierra Leone J.Maada Bio
0%
Montenégro J.Milatović
0%
Cap Vert JM.Neves
0%
Timor Oriental J.Ramos-Horta
0%
Panama J.Raúl Mulino
0%
Kazakhstan Kassym-Jomart Tokaïev
0%
Islande K.Jakobsdóttir
0%
Suisse K.Keller-Sutter
0%
Tunisie K.Saïed
0%
Grèce K.Tasoúlas
0%
République Dominicaine L.Abinader
0%
Malawi L.Chakwera
0%
Taïwan L.Ching-te
0%
Lesotho Letsie III
0%
Bolivie Luis Arce
0%
Palestine M.Abbas
0%
Libye M.Al-Menfi
0%
Irlande M.D.Higgins
0%
Cuba M.Díaz-Canel
0%
Guyana M.Doumbouya (coup d'état)
0%
Haïti M.Duvivier Pierre-Louis
0%
Tchad M. Idriss Déby
0%
Géorgie M.Kavelachvili
0%
Maldives M.Muizzu
0%
Emirats Arabes Unis Mohammed ben Zayed Al Nahyane
0%
Mauritanie M.Ould El-Ghazaouani
0%
Portugal M.Rebelo de Sousa
0%
Moldavie M.Sandu
0%
Bangladesh M.Shahabuddin
0%
Malte M.Spiteri Debono
0%
Eswatini Mswati III
0%
Ghana Nana Akufo-Addo
0%
Salvador N.Bukele
0%
Chypre N.Christodoulídis
0%
Venezuela N.Maduro
0%
Namibie N.Nandi-Ndaitwa
0%
Slovénie N.Pirc Musar
0%
Maurice N.Ramgoolam
0%
Cambodge N.Sihamoni
0%
Guinée Equatoriale Obiang (depuis 79)
0%
Cameroun P.Biya
0%
Rwanda P.Kagame
0%
République Tchèque P.Pavel
0%
Espagne P.Sánchez
0%
Indonésie P.Subianto
0%
Benin P.Talon
0%
Yemen Rachad al-Alimi
0%
Népal R.Chandra Poudel
0%
Costa Rica R.Chaves Robles
0%
Turquie Recep Tayyip Erdoğan
0%
Bulgarie R.Radev
0%
Fidji R.W.Katonivere
0%
arabie saoudite Salmane ben Abdelaziz Al Saoud
0%
Turkménistan S.Berdimuhamedow
0%
Dominique S.Burton
0%
Birmanie Senior-General Min Aung Hlaing (chef SAC)
0%
Kirghizistan S.Japarov
0%
Barbade S.Mason
0%
Ouzbékistan S.Mirziyoyev
0%
Paraguay S.Peña
0%
Tanzanie S.Suluhu
0%
allemagne Steinmeier
0%
Palaos S.WHIPPS Jr
0%
Qatar Tamim ben Hamad Al Thani
0%
Ethiopie T.Atske Sélassié
0%
Kiribati T.Maamau
0%
Vietnam Tô Lâm
0%
Singapour T.Shanmugaratnam
0%
Laos T.Sisoulith
0%
Hongrie T.Sulyok
0%
Tonga Tupou VI
0%
Mongolie U.Khürelsükh
0%
Guinée Bissau U.Sissoco Embaló
0%
Samoa Va'aletoa Sualauvi II
0%
arménie V.KHATCHATURIAN
0%
Seychelles W.Ramkalawan
0%
Kenya W. Ruto
0%
andorre Xavier Espot
0%
Honduras X.Castro
0%
Ouganda Y.Museveni
0%
Corée du Sud Yoon Suk-yeol
0%
uruguay Y.Orsi
0%
Ukraine Zelensky
0%
Croatie Z.Milanović
0%
Aucun quiz correspondant
Distribution des résultats
% des personnes avec chaque résultat
Percentile par nombre de réponses
Votre historique - résultats
Vous n’avez pas pris ce quiz depuis la dernière actualisation